| 000 | 00539nam a2200217Ia 4500 | ||
|---|---|---|---|
| 008 | 170918s9999 xx 000 0 und d | ||
| 020 | _a9780394883205 | ||
| 050 | _bO185 2003 | ||
| 100 | _aO'Connor, Jane | ||
| 245 | 4 | _aThe teeny tiny woman / | |
| 245 | _cby Jane O'Connor ; illustrated by R. W. Alley. | ||
| 260 | _aNew York : | ||
| 260 | _bRandom House, | ||
| 260 | _c2003 | ||
| 300 | _a30 pages : | ||
| 300 | _bcolored illustration ; | ||
| 300 | _c23cm. | ||
| 440 | _aStep into reading ; | ||
| 440 | _v2 | ||
| 500 | _a510 | ||
| 999 |
_c342618 _d342618 |
||